000 00518nmm a2200193Ia 4500
008 251105s9999||||xx |||||||||||||||||und||
020 _a9788492833603
041 _aspa
100 _aFinder, Joseph
245 0 _aInstinto asesino
264 _a[Madrid, España] :
_bRoca Editorial,
_c2012
300 _a396 páginas
490 _aThriller
650 _aThriller & Suspense
700 _aFinder, Joseph
700 1 _a Batlles, Camila
856 _uhttps://public.digitaliapublishing.com/a/34434
942 _cCF
999 _c65473
_d65473